| 000 | 01448cam a2200493 a 4500 | ||
|---|---|---|---|
| 001 | 32471 | ||
| 003 | AR-RoBPED | ||
| 005 | 20260330102104.0 | ||
| 007 | ta | ||
| 008 | 191024s2019 ag a br 001 0 spa | ||
| 020 | _a9789874444226 | ||
| 040 |
_aAR-BaBN _eaacr |
||
| 041 | _aspa | ||
| 100 |
_aEdelsztein, Valeria _d1982- _eautora _4aut _928970 |
||
| 245 | 1 | 0 |
_aCiencia para pasar el otoño / _cValeria Edelsztein ; ilustraciones de Javier Reboursin. |
| 260 |
_aBuenos Aires : _bIamiqué, _c2019. |
||
| 300 |
_a47 p. : _bil. ; _c21 cm. |
||
| 490 | 1 | _a(Ciencia todo el año) | |
| 521 | 1 | _aEdad sugerida desde los 8 a los 108 años. | |
| 650 | 4 |
_aCIENCIAS DE LA VIDA _910137 |
|
| 650 | 4 |
_aESTACIONES DEL AÑO _910163 |
|
| 650 | 4 |
_aDIVULGACION CIENTIFICA _919556 |
|
| 650 | 4 |
_aOCEANOS _92033 |
|
| 650 | 4 |
_aHURACANES _97027 |
|
| 650 | 4 |
_aFOTOSINTESIS _91705 |
|
| 650 | 4 |
_aCOLORES _918582 |
|
| 650 | 4 |
_aHOJAS _94364 |
|
| 650 | 4 |
_aARBOLES _94048 |
|
| 650 | 4 |
_aCOMPOST _920 |
|
| 650 | 4 |
_aHIBERNACION _916790 |
|
| 650 | 4 |
_aINSECTOS _92338 |
|
| 650 | 4 |
_aABEJAS _94412 |
|
| 650 | 4 |
_aAVES _91567 |
|
| 650 | 4 |
_aANIMALES _94284 |
|
| 653 | _aLAGARTOS | ||
| 653 | _aPODA | ||
| 653 | _aMARIPOSAS | ||
| 653 | _aVENADOS | ||
| 653 | _aARDILLAS | ||
| 653 | _aESTORNUDO | ||
| 700 | 1 |
_aReboursin, Javier _d1984- _eil. _930661 |
|
| 942 |
_2udc _ak. 32471 _cBK _h613.13 _kI _mE 23o _nInv. 42329 |
||
| 945 | _amev 27/03/2026 - cd 30/03/2026 | ||
| 999 |
_c32471 _d32471 |
||